00642cam a2200205u 450000100060000000300080000600500170001400800410003103500190007204000330009104100080012408200220013210000170015424501240017125000140029526000430030930000350035265000250038765000240041231290BD-RjUL20211209051700.0140415s1964 pau 000 0 eng  a(BD-RjUL)31377 aDLCcCarPdDLCdBD-RjULbeng aeng 4a220.895bPIA 19641 aPinney, Roy.14aThe animals in the Bible :bthe identity and natural history of all the animals mentioned in the Bible /c Roy Pinney. a[1st ed.] aPhiladelphia :bChilton Books,cc1964. a x, 227 p. :billus. ;c24 cm. 0aNature in the Bible. 0aZoologyzPalestine.